Soil mechanics laboratory manual (Record no. 548436)
[ view plain ]
| 000 -LEADER | |
|---|---|
| fixed length control field | 00413nam a22001457a 4500 |
| 020 ## - INTERNATIONAL STANDARD BOOK NUMBER | |
| International Standard Book Number | 0-19-515046-5 |
| 082 ## - DEWEY DECIMAL CLASSIFICATION NUMBER | |
| Classification number | 624.15136 |
| Author Mark | BRA |
| -- | N-01,P-90 |
| 100 ## - MAIN ENTRY--PERSONAL NAME | |
| Personal name | DAS, Braja M |
| 9 (RLIN) | 23492 |
| 245 ## - TITLE STATEMENT | |
| Title | Soil mechanics laboratory manual |
| Statement of responsibility, etc. | DAS, Braja M |
| 260 ## - PUBLICATION, DISTRIBUTION, ETC. | |
| Place of publication, distribution, etc. | New York: |
| Name of publisher, distributor, etc. | Oxford university press, |
| Date of publication, distribution, etc. | c2002. |
| 300 ## - PHYSICAL DESCRIPTION | |
| Extent | 278p.: |
| Dimensions | 28cm. |
| 500 ## - GENERAL NOTE | |
| General note | NUST |
| 526 ## - STUDY PROGRAM INFORMATION NOTE | |
| Program name | 0 |
| Interest level | 0 |
| Reading level | 0 |
| Title point value | 624_151360000000000_BRA |
| 942 ## - ADDED ENTRY ELEMENTS (KOHA) | |
| Source of classification or shelving scheme | |
| Koha item type | Book |
| Withdrawn status | Lost status | Source of classification or shelving scheme | Damaged status | Not for loan | Permanent Location | Current Location | Date acquired | Total Checkouts | Full call number | Barcode | Date last seen | Date last checked out | Price effective from | Koha item type |
|---|---|---|---|---|---|---|---|---|---|---|---|---|---|---|
| Military College of Engineering (MCE) | Military College of Engineering (MCE) | 08/28/2014 | 1 | 624.15136 BRA | MCE-36344 | 02/25/2020 | 02/25/2020 | 08/28/2014 | Book |
